000 00359nam a2200133Ia 4500
005 20260328104317.0
008 260328s9999||||xx |||||||||||||| ||und||
100 _aGonzález Lobo, Carlos
245 0 _aVivienda y Ciudades posibles en América Latina /
_cCarlos González Lobo
260 _bFibrolit
300 _a104 p.
650 _aVIVIENDA
942 _cBK
999 _c11192
_d11192